Most Observed Species on iNaturalist by Categories - Statistics

General Stats
  • This quiz has been taken 25 times
  • The average score is 11 of 55
Answer Stats
Observations Answer % Correct
195,000 House Sparrow
80%
165,000 Eastern Gray Squirrel
70%
336,000 Mallard
70%
166,000 White-Tailed Deer
70%
181,000 Canada Goose
60%
81,000 Common Raccoon
60%
61,000 American Bullfrog
50%
184,000 American Robin
50%
200,235 Asian Lady Beetle
50%
192,000 Great Blue Heron
50%
67,000 Green Frog
50%
229,409 Monarch
50%
284,215 Western Honey Bee
50%
124,000 Common Dandelion
40%
93,000 American Toad
30%
136,000 Common Yarrow
30%
20,000 Bluegill
20%
113,000 Common Eastern Bumble Bee
20%
11,000 European Carp
20%
52,000 Garden Snail
20%
91,000 Garlic Mustard
20%
91,000 Red Clover
20%
96,000 Western Fence Lizard
20%
106,000 White Clover
20%
30,000 Dog Vomit Slime Mold
10%
77,000 Eastern Cottontail
10%
36,000 Eastern Newt
10%
17,000 Largemouth Bass
10%
86,000 Mule Deer
10%
98,000 Pond Slider
10%
8,000 Rainbow Trout
10%
78,000 Turkey-Tail
10%
7,000 Western Mosquitofish
10%
42,000 Bold Jumping Spider
0%
71,000 Brown Anole
0%
33,000 Brown-lipped Snail
0%
87,000 Common Garter Snake
0%
39,000 Common Sunburst Lichen
0%
59,000 Cross Orweaver
0%
35,000 Dryad's Saddle
0%
41,000 Eastern Red-Backed Salamander
0%
6,000 False Puffball
0%
65,000 Fly Agaric
0%
26,000 Goldenrod Crab Spider
0%
28,000 Golden Silk Spider
0%
9,000 Honeycomb Coral Slime Mold
0%
28,000 Leopard Slug
0%
20,000 Pacific Banana Slug
0%
70,000 Painted Turtle
0%
7,000 Red Raspberry Slime Mold
0%
22,000 Roman Snail
0%
97,000 Seven-spotted Lady Beatle
0%
37,000 Shaggy Mane
0%
23,000 Wolf's Milk
0%
51,000 Yellow Garden Spider
0%
No matching quizzes found
Score Distribution
Percent of People with Each Score
Percentile by Number Answered
Your Score History
You have not taken this quiz